[Event "DVM U20 2017"]
[Site "Düsseldorf GER"]
[Date "2017.12.28"]
[Round "4"]
[White "Fistoul, Boris"]
[Black "Schneider, Edward"]
[Result "1-0"]
[Termination "normal"]
[Board "3.6"]
[WhiteElo "1924"]
[BlackElo "1673"]
[WhiteClock "00:47:11"]
[BlackClock "00:13:58"]
[WhiteTeam "SG Bochum"]
[BlackTeam "SF Sasbach"]
[PlyCount "61"]
[WhiteFideId "12953962"]
[BlackFideId "16200870"]
[EventCountry "GER"]
[EventRounds "7"]
[EventType "team-swiss"]
[EventDate "2017.12.26"]

1. d4 {[%clk 1:26:25]} d5 {[%clk 1:30:49]} 2. c4 {[%clk 1:26:51]} e6 {[%clk
1:31:15]} 3. Nc3 {[%clk 1:27:16]} c5 {[%clk 1:31:37]} 4. e3 {[%clk 1:26:55]}
cxd4 {[%clk 1:31:48]} 5. exd4 {[%clk 1:27:07]} Nf6 {[%clk 1:31:58]} 6. cxd5
{[%clk 1:26:11]} Nxd5 {[%clk 1:30:34]} 7. Nf3 {[%clk 1:25:00]} Be7 {[%clk
1:26:11]} 8. Bd3 {[%clk 1:19:39]} O-O {[%clk 1:23:51]} 9. O-O {[%clk 1:19:21]}
a6 {[%clk 1:17:04]} 10. a3 {[%clk 1:18:30]} Nc6 11. Re1 {[%clk 1:14:27]} b5
{[%clk 0:52:32]} 12. Nxd5 {[%clk 1:13:18]} exd5 {[%clk 0:49:49]} 13. Bxh7+
{[%clk 1:11:44]} Kxh7 {[%clk 0:44:30]} 14. Qc2+ {[%clk 1:11:52]} Kg8 {[%clk
0:44:27]} 15. Qxc6 {[%clk 1:07:25]} Bf5 {[%clk 0:38:37]} 16. Bf4 Be4 {[%clk
0:31:36]} 17. Nd2 {[%clk 1:04:41]} Bf5 {[%clk 0:27:34]} 18. Bc7 {[%clk
1:03:10]} Qe8 {[%clk 0:27:09]} 19. Qxd5 {[%clk 1:03:10]} Be6 {[%clk 0:25:16]}
20. Qe4 {[%clk 0:59:50]} Qd7 21. d5 {[%clk 0:56:03]} Qxc7 {[%clk 0:21:31]} 22.
dxe6 {[%clk 0:56:00]} fxe6 {[%clk 0:19:40]} 23. Qxe6+ {[%clk 0:56:18]} Rf7
{[%clk 0:20:04]} 24. Rac1 {[%clk 0:54:03]} Qb7 {[%clk 0:17:41]} 25. Nf3 {[%clk
0:52:46]} Bf6 {[%clk 0:15:53]} 26. Ne5 {[%clk 0:50:44]} Bxe5 {[%clk 0:15:46]}
27. Rxe5 {[%clk 0:50:14]} Qa7 {[%clk 0:15:01]} 28. Rc8+ {[%clk 0:46:47]} Rxc8
{[%clk 0:15:10]} 29. Qxc8+ {[%clk 0:47:13]} Rf8 {[%clk 0:14:58]} 30. Qe6+
{[%clk 0:47:28]} Rf7 {[%clk 0:13:58]} 31. Rf5 {[%clk 0:47:11]} 1-0

[Event "DVM U20 2017"]
[Site "Düsseldorf GER"]
[Date "2017.12.28"]
[Round "4"]
[White "Zähringer, Daniel"]
[Black "Linnemann, Niklas"]
[Result "1-0"]
[Termination "normal"]
[Board "4.1"]
[WhiteElo "2042"]
[BlackElo "1998"]
[WhiteTeam "SK König Plauen"]
[BlackTeam "TuS Coswig"]
[PlyCount "73"]
[WhiteFideId "12970280"]
[BlackFideId "24695645"]
[EventCountry "GER"]
[EventRounds "7"]
[EventType "team-swiss"]
[EventDate "2017.12.26"]

1. d4 Nf6 2. Bg5 Ne4 3. Bf4 d5 4. e3 g6 5. Bd3 Nd6 6. Nd2 Bg7 7. c4 dxc4 8.
Nxc4 Nxc4 9. Bxc4 O-O 10. b4 a5 11. b5 c5 12. bxc6 bxc6 13. Rc1 Ba6 14. Nf3
Bxc4 15. Rxc4 Na6 16. O-O Qd5 17. Qe2 f5 18. Rfc1 Rfc8 19. Ne5 Bxe5 20. Bxe5
Qe6 21. h4 Nb8 22. Qf3 Ra6 23. Bf4 Rd8 24. a4 Qd7 25. Rc5 Qa7 26. h5 Qb7 27.
hxg6 hxg6 28. Qg3 Kf7 29. Qh3 Rg8 30. Qf3 Rd8 31. Bg5 Qd7 32. Re5 e6 33. Bxd8
Qxd8 34. Qh3 Qg8 35. Rec5 Ke7 36. Qh2 Kd7 37. Rb1 1-0

[Event "DVM U20 2017"]
[Site "Düsseldorf GER"]
[Date "2017.12.28"]
[Round "4"]
[White "von Koslowski, Utz"]
[Black "Fischer, Erik"]
[Result "1-0"]
[Termination "normal"]
[Board "4.2"]
[WhiteElo "1955"]
[BlackElo "1953"]
[WhiteTeam "TuS Coswig"]
[BlackTeam "SK König Plauen"]
[PlyCount "85"]
[WhiteFideId "12964247"]
[BlackFideId "12956678"]
[EventCountry "GER"]
[EventRounds "7"]
[EventType "team-swiss"]
[EventDate "2017.12.26"]

1. Nf3 c5 2. c4 Nf6 3. g3 d5 4. Bg2 Nc6 5. O-O e5 6. cxd5 Nxd5 7. Nc3 Nc7 8. d3
Be7 9. Be3 Bd7 10. Rc1 Rb8 11. Ne4 b6 12. Ned2 Ne6 13. Nc4 f6 14. Nh4 Ncd4 15.
Bxd4 Nxd4 16. e3 Nf5 17. Nxf5 Bxf5 18. Qh5+ g6 19. Qh6 Bf8 20. Qh4 h5 21. Bc6+
Kf7 22. Nd2 Bg4 23. f4 Kg7 24. fxe5 g5 25. exf6+ Kh6 26. Qxg4 hxg4 27. Be4 Bd6
28. Rf5 Rf8 29. Rcf1 Rf7 30. Kg2 Qc7 31. Bd5 Rbf8 32. Ne4 Be5 33. Bxf7 Rxf7 34.
h3 Rf8 35. hxg4 Bxg3 36. Nxg3 Qd7 37. Ne4 Qxd3 38. Rh1+ Kg6 39. Rxg5+ Kf7 40.
Rh7+ Ke8 41. Re5+ Kd8 42. Kf2 c4 43. Ree7 1-0

[Event "DVM U20 2017"]
[Site "Düsseldorf GER"]
[Date "2017.12.28"]
[Round "4"]
[White "Linnert, Niklas"]
[Black "Kunath, Tim"]
[Result "1-0"]
[Termination "normal"]
[Board "4.3"]
[WhiteElo "1979"]
[BlackElo "2006"]
[WhiteTeam "SK König Plauen"]
[BlackTeam "TuS Coswig"]
[PlyCount "73"]
[WhiteFideId "12974781"]
[BlackFideId "12985074"]
[EventCountry "GER"]
[EventRounds "7"]
[EventType "team-swiss"]
[EventDate "2017.12.26"]

1. Nf3 Nf6 2. g3 g6 3. Bg2 Bg7 4. O-O d5 5. d4 O-O 6. c4 c6 7. Nc3 dxc4 8. e4
b5 9. Qc2 Bb7 10. Bg5 h6 11. Bf4 e6 12. Rad1 Na6 13. a3 Qb6 14. Qc1 Kh7 15. Bd6
Rfd8 16. e5 Ne8 17. Ne4 Nxd6 18. Nxd6 Qc7 19. Qf4 Kg8 20. h4 Rd7 21. Nh2 Rad8
22. Ng4 h5 23. Nh6+ Bxh6 24. Qxh6 Rxd6 25. exd6 Qxd6 26. Rfe1 Qf8 27. Qg5 Nc7
28. g4 hxg4 29. Qxg4 Qg7 30. h5 gxh5 31. Qh4 Rd5 32. Kh2 Rg5 33. Rg1 f6 34. f4
Rg4 35. Qxh5 Qh7 36. Qxh7+ Kxh7 37. Be4+ 1-0

[Event "DVM U20 2017"]
[Site "Düsseldorf GER"]
[Date "2017.12.28"]
[Round "4"]
[White "Kieslich, Aaron"]
[Black "Merkel, Toni"]
[Result "1-0"]
[Termination "normal"]
[Board "4.4"]
[WhiteElo "2048"]
[BlackElo "1884"]
[WhiteTeam "TuS Coswig"]
[BlackTeam "SK König Plauen"]
[PlyCount "71"]
[WhiteFideId "1270391"]
[BlackFideId "12902624"]
[EventCountry "GER"]
[EventRounds "7"]
[EventType "team-swiss"]
[EventDate "2017.12.26"]

1. d4 Nf6 2. c4 g6 3. Nc3 Bg7 4. e4 d6 5. f3 O-O 6. Be3 e5 7. d5 Nh5 8. Qd2 f5
9. O-O-O a5 10. Bd3 f4 11. Bf2 Na6 12. Nge2 Nb4 13. Bb1 b6 14. b3 Bd7 15. a3
Na6 16. Kb2 Qe8 17. Bd3 Rf7 18. Rb1 Bf8 19. Rhc1 Nc5 20. Rg1 Be7 21. Nc1 Qd8 {
(=)} 22. Rf1 Bh4 23. Bg1 Be7 24. Kc2 g5 25. b4 axb4 26. axb4 Nxd3 27. Nxd3 c5
28. dxc6 Bxc6 29. b5 Bb7 30. Qf2 d5 31. exd5 Rf6 32. Ra1 Rc8 33. Kb3 Qc7 34.
Ra4 Ng7 35. Ne4 Rh6 36. Qb2 1-0

[Event "DVM U20 2017"]
[Site "Düsseldorf GER"]
[Date "2017.12.28"]
[Round "4"]
[White "Nguyen Dang, Huy Duc"]
[Black "Moses, Selina"]
[Result "0-1"]
[Termination "normal"]
[Board "4.5"]
[WhiteElo "1783"]
[BlackElo "1935"]
[WhiteTeam "SK König Plauen"]
[BlackTeam "TuS Coswig"]
[PlyCount "114"]
[WhiteFideId "12922846"]
[BlackFideId "12908070"]
[EventCountry "GER"]
[EventRounds "7"]
[EventType "team-swiss"]
[EventDate "2017.12.26"]

1. e4 c5 2. Nf3 d6 3. d4 cxd4 4. Nxd4 Nf6 5. Nc3 a6 6. Be3 e6 7. Bd3 b5 8. O-O
Bb7 9. a4 b4 10. Na2 Nxe4 11. Nxb4 Nc5 12. Be2 Qc7 13. Nd3 Nxd3 14. Bxd3 Be7
15. c3 Nd7 16. Bc2 Bf6 17. Qh5 Bd5 18. Qh3 Ne5 19. Rad1 Rb8 20. Bc1 g6 21. Rfe1
O-O 22. Be4 Bc4 23. Nf3 Nxf3+ 24. Qxf3 Bg7 25. Bc2 d5 26. h4 e5 27. h5 e4 28.
Qh3 Qc6 29. h6 Bh8 30. Re3 f5 31. Rg3 Be2 32. Rd2 Bg4 33. Rxg4 fxg4 34. Qxg4
Be5 35. Re2 Qd6 36. Qh3 Bf4 37. Bxf4 Rxf4 38. b3 Rbf8 39. Qe3 Rh4 40. g3 Rf3
41. gxh4 Rxe3 42. fxe3 Qc5 43. c4 dxc4 44. bxc4 Qxc4 45. Rf2 Qc3 46. Bxe4 Qxe3
47. Bd5+ Kh8 48. Kg2 Qxh6 49. Kg3 Qe3+ 50. Kg2 Qd4 51. Bb7 Qxa4 52. Kg3 Qb3+
53. Bf3 a5 54. Kg2 a4 55. Re2 a3 56. Bg4 Qc4 57. Kf3 Qxe2+ 0-1

[Event "DVM U20 2017"]
[Site "Düsseldorf GER"]
[Date "2017.12.28"]
[Round "4"]
[White "von Koslowski, Wilhelm"]
[Black "Graf, Lucas"]
[Result "0-1"]
[Termination "normal"]
[Board "4.6"]
[WhiteElo "1523"]
[BlackElo "1781"]
[WhiteTeam "TuS Coswig"]
[BlackTeam "SK König Plauen"]
[PlyCount "76"]
[WhiteFideId "12985147"]
[BlackFideId "12974889"]
[EventCountry "GER"]
[EventRounds "7"]
[EventType "team-swiss"]
[EventDate "2017.12.26"]

1. e4 c5 2. d3 Nc6 3. f4 d5 4. Nd2 b6 5. Ngf3 Bb7 6. c3 e6 7. Be2 Nf6 8. h3 Be7
9. Qc2 Qc7 10. e5 Nd7 11. O-O f6 12. exf6 gxf6 13. Ne1 O-O-O 14. a3 Bd6 15. Nb1
Rhg8 16. b4 Ne7 17. Bg4 f5 18. Be2 Rg7 19. d4 Rdg8 20. Qd2 Nf6 21. Qe3 Ne4 22.
Nd2 Rg3 23. Nxe4 Rxe3 24. Nxd6+ Qxd6 25. Bxe3 cxd4 26. Bxd4 Nc6 27. Bf6 Rg6 28.
Bh8 Qd8 29. Bd4 Nxd4 30. cxd4 Qh4 31. Rc1+ Kd8 32. Rc3 Rg3 33. Rxg3 Qxg3 34.
Nc2 Qc3 35. Bd1 Ba6 36. Rf2 Bd3 37. Rf3 Qd2 38. Ne3 Be4 0-1

[Event "DVM U20 2017"]
[Site "Düsseldorf GER"]
[Date "2017.12.28"]
[Round "4"]
[White "Kollars, Dmitrij"]
[Black "Hecht, Carsten"]
[Result "1-0"]
[Termination "normal"]
[Board "5.1"]
[WhiteTitle "GM"]
[WhiteElo "2501"]
[BlackElo "2232"]
[WhiteTeam "Hamburger SK"]
[BlackTeam "LSV Turm Lippstadt"]
[PlyCount "71"]
[WhiteFideId "12909572"]
[BlackFideId "24693928"]
[EventCountry "GER"]
[EventRounds "7"]
[EventType "team-swiss"]
[EventDate "2017.12.26"]

1. e4 c5 2. Nf3 e6 3. d4 cxd4 4. Nxd4 Nc6 5. Nc3 Qc7 6. Be3 a6 7. Qf3 Bd6 8.
O-O-O Be5 9. g3 Nge7 10. Qe2 b5 11. f4 Bxd4 12. Bxd4 Nxd4 13. Rxd4 O-O 14. Bg2
Bb7 15. Rhd1 Rfd8 16. Qd2 Bc6 17. e5 Bxg2 18. Qxg2 Rab8 19. Qd2 Rb7 20. Ne4 Qc6
21. Nd6 Rc7 22. Kb1 Nd5 23. Rc1 b4 24. f5 f6 25. Rg4 h5 26. Rc4 Qb7 27. Rxc7
Qxc7 28. Qe2 Rb8 29. Qxh5 Nc3+ 30. bxc3 bxc3+ 31. Ka1 Qb6 32. Qf7+ Kh8 33. Nc4
Qd4 34. exf6 gxf6 35. Qh5+ Kg8 36. Rd1 1-0

[Event "DVM U20 2017"]
[Site "Düsseldorf GER"]
[Date "2017.12.28"]
[Round "4"]
[White "Kruse, Janik"]
[Black "Kramer, Julian"]
[Result "1/2-1/2"]
[Termination "normal"]
[Board "5.2"]
[BlackTitle "FM"]
[WhiteElo "2052"]
[BlackElo "2373"]
[WhiteTeam "LSV Turm Lippstadt"]
[BlackTeam "Hamburger SK"]
[PlyCount "86"]
[WhiteFideId "16200250"]
[BlackFideId "12921742"]
[EventCountry "GER"]
[EventRounds "7"]
[EventType "team-swiss"]
[EventDate "2017.12.26"]

1. d4 Nf6 2. Nf3 g6 3. e3 Bg7 4. Be2 O-O 5. O-O d6 6. c4 Nbd7 7. Nc3 e5 8. Qc2
Re8 9. Rd1 exd4 10. exd4 Nf8 11. h3 Bf5 12. Bd3 Bxd3 13. Qxd3 Ne6 14. Ng5 d5
15. Nxe6 Rxe6 16. Bf4 c6 17. Be5 dxc4 18. Qxc4 Qd7 19. a4 Rd8 20. a5 Nd5 21.
Bxg7 Kxg7 22. Na4 Qe7 23. Nc5 Re2 24. Nxb7 Rb8 25. a6 Nb4 26. d5 cxd5 27. Qf4
Qf6 28. Qxf6+ Kxf6 29. b3 Kg7 30. Nc5 Rb6 31. Ra4 Rc2 32. Nd7 Rb5 33. Ne5 Rc7
34. Rd4 Rc1+ 35. Kh2 Nc6 36. Nxc6 Rxc6 37. Rd3 Rcb6 38. Rad4 Rxb3 39. Rxb3 Rxb3
40. Rxd5 Rb6 41. Ra5 Rf6 42. Kg3 Kf8 43. f4 Rb6 1/2-1/2

[Event "DVM U20 2017"]
[Site "Düsseldorf GER"]
[Date "2017.12.28"]
[Round "4"]
[White "Uksini, Bardhyl"]
[Black "Kettler, Ilija Jonas"]
[Result "0-1"]
[Termination "normal"]
[Board "5.3"]
[WhiteElo "2331"]
[BlackElo "2032"]
[WhiteTeam "Hamburger SK"]
[BlackTeam "LSV Turm Lippstadt"]
[PlyCount "82"]
[WhiteFideId "1628313"]
[BlackFideId "16216610"]
[EventCountry "GER"]
[EventRounds "7"]
[EventType "team-swiss"]
[EventDate "2017.12.26"]

1. Nf3 Nf6 2. g3 b6 3. Bg2 Bb7 4. c4 e6 5. O-O Be7 6. Nc3 O-O 7. d4 c6 8. e3 d5
9. b3 Nbd7 10. Bb2 Rc8 11. Qe2 c5 12. cxd5 Nxd5 13. Nxd5 exd5 14. Rac1 Bf6 15.
Rfd1 Re8 16. dxc5 Nxc5 17. Bxf6 Qxf6 18. Nd4 Ne4 19. Qb2 h5 20. h4 Ba6 21. Bf3
g6 22. Qa3 Be2 23. Bxe4 Bxd1 24. Bxd5 Rxc1 25. Qxc1 Bg4 26. Qc7 Re7 27. Qb8+
Kg7 28. Kg2 Qe5 29. Qa8 Rc7 30. b4 Rc8 31. Qb7 Rc7 32. Qa8 Bd7 33. b5 Rc5 34.
Bb3 Qc7 35. a4 Bc8 36. Bd5 Qd7 37. Bc6 Qh3+ 38. Kf3 Qg4+ 39. Kg2 Rc1 40. Nb3
Qh3+ 41. Kf3 Rc2 0-1

[Event "DVM U20 2017"]
[Site "Düsseldorf GER"]
[Date "2017.12.28"]
[Round "4"]
[White "Kuckling, Linus"]
[Black "Hinrichs, Lars"]
[Result "0-1"]
[Termination "normal"]
[Board "5.4"]
[WhiteElo "1804"]
[BlackElo "2216"]
[WhiteTeam "LSV Turm Lippstadt"]
[BlackTeam "Hamburger SK"]
[PlyCount "58"]
[WhiteFideId "24658243"]
[BlackFideId "12921769"]
[EventCountry "GER"]
[EventRounds "7"]
[EventType "team-swiss"]
[EventDate "2017.12.26"]

1. e4 e5 2. Nf3 Nc6 3. Bb5 a6 4. Ba4 Nf6 5. O-O Bc5 6. Re1 O-O 7. c3 b5 8. Bc2
d5 9. d4 dxe4 10. dxc5 Qxd1 11. Bxd1 exf3 12. Bxf3 e4 13. Bd1 Ne5 14. Bc2 Bf5
15. Bf4 Rfe8 16. Nd2 Neg4 17. Nxe4 Bxe4 18. Bxe4 Nxe4 19. f3 Nxc5 20. fxg4 Nd3
21. Rxe8+ {(=)} Rxe8 22. Bxc7 Nxb2 23. Kf1 f6 24. Re1 Rc8 25. Ba5 Nc4 26. Bb4
a5 27. Be7 Kf7 28. Re2 Rc7 29. Bd8 Rd7 0-1

[Event "DVM U20 2017"]
[Site "Düsseldorf GER"]
[Date "2017.12.28"]
[Round "4"]
[White "Elbracht, Michael"]
[Black "Neudorf, Noah Levin"]
[Result "1-0"]
[Termination "normal"]
[Board "5.5"]
[WhiteElo "2008"]
[BlackElo "1830"]
[WhiteTeam "Hamburger SK"]
[BlackTeam "LSV Turm Lippstadt"]
[PlyCount "73"]
[WhiteFideId "12945595"]
[BlackFideId "12965693"]
[EventCountry "GER"]
[EventRounds "7"]
[EventType "team-swiss"]
[EventDate "2017.12.26"]

1. e4 e6 2. d4 b6 3. Nf3 Bb7 4. Bd3 Nf6 5. e5 Ne4 6. O-O c5 7. c3 d5 8. Ne1 f5
9. exf6 Nxf6 10. Qe2 Qd6 11. Nf3 Be7 12. Re1 Nc6 13. Ng5 Nd8 14. Nxe6 Nxe6 15.
Qxe6 Qxe6 16. Rxe6 Kf7 17. Re1 c4 18. Bc2 Bd6 19. Bg5 h6 20. Bh4 Rhe8 21. Nd2
Rxe1+ 22. Rxe1 Re8 23. Rxe8 Kxe8 24. Bg3 Bxg3 25. hxg3 Bc8 26. Nf3 Ng4 27. Ne5
Nxe5 28. dxe5 Ke7 29. f4 Bg4 30. Kf2 Ke6 31. Ke3 g5 32. Kd4 gxf4 33. gxf4 h5
34. f5+ Ke7 35. Kxd5 h4 36. Kxc4 b5+ 37. Kxb5 1-0

[Event "DVM U20 2017"]
[Site "Düsseldorf GER"]
[Date "2017.12.28"]
[Round "4"]
[White "Homfeldt, Christopher"]
[Black "Machalitza, Marvin"]
[Result "1-0"]
[Termination "normal"]
[Board "5.6"]
[WhiteElo "1743"]
[BlackElo "1766"]
[WhiteTeam "LSV Turm Lippstadt"]
[BlackTeam "Hamburger SK"]
[PlyCount "62"]
[WhiteFideId "16220293"]
[BlackFideId "16255933"]
[EventCountry "GER"]
[EventRounds "7"]
[EventType "team-swiss"]
[EventDate "2017.12.26"]

1. d4 {[%emt 0:00:00]} c5 2. e4 cxd4 3. Nf3 e6 4. Nxd4 Nc6 5. Nc3 Bb4 6. Nb3
Nf6 7. Qf3 Qc7 8. Bd2 a6 9. O-O-O b5 10. a3 Be7 11. Bf4 d6 12. h3 Bb7 13. g4
Rc8 14. g5 Nd7 15. Qg3 Nde5 16. Bxe5 Nxe5 17. f4 Nc4 18. Bxc4 Qxc4 19. Na5 Qc7
20. Nxb7 Qxb7 21. f5 a5 22. Qg4 b4 23. axb4 axb4 24. Nb1 Kd7 25. Rh2 Rc6 26.
Rhd2 Rc4 27. f6 gxf6 28. gxf6 Bf8 29. Qf4 Qc6 30. b3 Rxe4 31. Qg5 Re5 1-0

[Event "DVM U20 2017"]
[Site "Düsseldorf GER"]
[Date "2017.12.28"]
[Round "4"]
[White "Syrov, Arkadi"]
[Black "Eichstaedt, Mirko"]
[Result "1/2-1/2"]
[Termination "normal"]
[Board "6.1"]
[BlackTitle "CM"]
[WhiteElo "2279"]
[BlackElo "2147"]
[WhiteTeam "SK Frankenthal"]
[BlackTeam "USV Potsdam"]
[PlyCount "115"]
[WhiteFideId "12942448"]
[BlackFideId "24692310"]
[EventCountry "GER"]
[EventRounds "7"]
[EventType "team-swiss"]
[EventDate "2017.12.26"]

1. e4 e5 2. Nf3 Nc6 3. Bb5 a6 4. Ba4 Nf6 5. d3 b5 6. Bb3 Be7 7. O-O d6 8. a3
O-O 9. Nc3 Bg4 10. Be3 Nd4 11. Bxd4 exd4 12. Nd5 c5 13. Nxf6+ Bxf6 14. Bd5 Rb8
15. a4 Bg5 16. axb5 axb5 17. h3 Be6 18. Bxe6 fxe6 19. Ra6 Bf4 20. Qa1 Ra8 21.
Qa2 Rxa6 22. Qxa6 Qd7 23. g3 Bh6 24. Nh2 g6 25. f4 e5 26. Ng4 Bg7 27. fxe5
Rxf1+ 28. Kxf1 h5 29. e6 Qxe6 {(=)} 30. Nf2 Be5 31. Kg2 b4 32. Qb7 Qf6 33. h4
g5 34. Qc8+ Kg7 35. Qd7+ Kh6 36. hxg5+ Qxg5 37. Qe6+ Kg7 38. g4 hxg4 39. Qxg4
Qxg4+ 40. Nxg4 Kg6 {(=)} 41. Kf3 Kg5 42. Nf2 Kh4 43. Nd1 Kg5 44. b3 Bh2 45. Nb2
Be5 46. Nc4 Kh5 47. Nb6 Kg5 48. Nd7 Kh5 49. Nb8 Kg5 50. Nc6 Kh5 51. Nd8 Kg5 52.
Nf7+ Kh5 53. Nd8 Kg5 54. Ne6+ Kh5 55. Nf4+ Kg5 56. Ne6+ Kh5 57. Nf4+ Kg5 58.
Ne6+ 1/2-1/2

[Event "DVM U20 2017"]
[Site "Düsseldorf GER"]
[Date "2017.12.28"]
[Round "4"]
[White "Tiarks, Jann-Christian"]
[Black "Tresch, Lukas"]
[Result "1/2-1/2"]
[Termination "normal"]
[Board "6.2"]
[WhiteElo "2123"]
[BlackElo "2020"]
[WhiteTeam "USV Potsdam"]
[BlackTeam "SK Frankenthal"]
[PlyCount "60"]
[WhiteFideId "12951595"]
[BlackFideId "12938866"]
[EventCountry "GER"]
[EventRounds "7"]
[EventType "team-swiss"]
[EventDate "2017.12.26"]

1. e4 e5 2. Nf3 Nc6 3. d4 exd4 4. Nxd4 Nf6 5. Nc3 Bb4 6. Nxc6 bxc6 7. Bd3 d5 8.
exd5 cxd5 9. O-O O-O 10. h3 h6 11. Qf3 Bd6 12. Ne2 Re8 13. Bf4 Ne4 14. Bxd6
Qxd6 15. Rad1 Qb6 16. Nf4 Bb7 17. c4 dxc4 18. Bxc4 Nd2 19. Bxf7+ Kxf7 20. Qh5+
Kg8 21. Rxd2 Qb4 22. Re2 Rxe2 23. Nxe2 Qe4 24. Qg4 Qxg4 25. hxg4 Ba6 26. Re1
Re8 27. Kf1 Rd8 28. Kg1 Re8 29. Kf1 Rd8 30. Kg1 Re8 1/2-1/2

[Event "DVM U20 2017"]
[Site "Düsseldorf GER"]
[Date "2017.12.28"]
[Round "4"]
[White "Mäurer, Fabian"]
[Black "Cech, Tim"]
[Result "0-1"]
[Termination "normal"]
[Board "6.3"]
[WhiteElo "1968"]
[BlackElo "2023"]
[WhiteTeam "SK Frankenthal"]
[BlackTeam "USV Potsdam"]
[PlyCount "82"]
[WhiteFideId "12965944"]
[BlackFideId "1270258"]
[EventCountry "GER"]
[EventRounds "7"]
[EventType "team-swiss"]
[EventDate "2017.12.26"]

1. Nf3 Nf6 2. g3 b6 3. Bg2 Bb7 4. c4 e6 5. O-O Be7 6. Nc3 O-O 7. d4 c6 8. e3 d5
9. b3 Nbd7 10. Bb2 Rc8 11. Qe2 c5 12. cxd5 Nxd5 13. Nxd5 exd5 14. Rac1 Bf6 15.
Rfd1 Re8 16. dxc5 Nxc5 17. Bxf6 Qxf6 18. Nd4 Ne4 19. Qb2 h5 20. h4 Ba6 21. Bf3
g6 22. Qa3 Be2 23. Bxe4 Bxd1 24. Bxd5 Rxc1 25. Qxc1 Bg4 26. Qc7 Re7 27. Qb8+
Kg7 28. Kg2 Qe5 29. Qa8 Rc7 30. b4 Rc8 31. Qb7 Rc7 32. Qa8 Bd7 33. b5 Rc5 34.
Bb3 Qc7 35. e4 Bc8 36. Bd5 Qd7 37. Bc6 Qh3+ 38. Kf3 Qg4+ 39. Kg2 Rc1 40. Nb3
Qh3+ 41. Kf3 Rc2 0-1

[Event "DVM U20 2017"]
[Site "Düsseldorf GER"]
[Date "2017.12.28"]
[Round "4"]
[White "Werthmann, Nils"]
[Black "Stein, Daniel"]
[Result "1-0"]
[Termination "normal"]
[Board "6.4"]
[WhiteElo "1986"]
[BlackElo "1960"]
[WhiteTeam "USV Potsdam"]
[BlackTeam "SK Frankenthal"]
[PlyCount "77"]
[WhiteFideId "1270257"]
[BlackFideId "12939307"]
[EventCountry "GER"]
[EventRounds "7"]
[EventType "team-swiss"]
[EventDate "2017.12.26"]

1. Nc3 Nf6 2. e4 e5 3. f4 d5 4. fxe5 Nxe4 5. Nf3 Be7 6. d4 c5 7. Bd3 Bf5 8. O-O
Nc6 9. Be3 Nxc3 10. bxc3 Bxd3 11. Qxd3 c4 12. Qf5 Qd7 13. Qxd7+ Kxd7 14. Bg5 f6
15. exf6 gxf6 16. Bf4 b5 17. Rab1 b4 18. Nh4 a5 19. Nf5 Rhg8 20. Rfe1 Rae8 21.
Ne3 Bd6 22. Nxd5 Bxf4 23. Rxe8 Rxe8 24. Nxf6+ Kd8 25. Nxe8 Kxe8 26. d5 Ne7 27.
cxb4 Be3+ 28. Kf1 a4 29. Rd1 Kd7 30. Ke2 Bb6 31. Kf3 Nf5 32. Ke4 Ne3 33. Rd2
Nf1 34. Re2 Bg1 35. g4 Bb6 36. g5 Kd6 37. Rg2 Ne3 38. g6 Nxd5 39. Rd2 1-0

[Event "DVM U20 2017"]
[Site "Düsseldorf GER"]
[Date "2017.12.28"]
[Round "4"]
[White "Syrov, Katharina"]
[Black "Shevelko, Alexander"]
[Result "1/2-1/2"]
[Termination "normal"]
[Board "6.5"]
[WhiteElo "1228"]
[BlackElo "1883"]
[WhiteTeam "SK Frankenthal"]
[BlackTeam "USV Potsdam"]
[PlyCount "53"]
[WhiteFideId "16255941"]
[BlackFideId "12952125"]
[EventCountry "GER"]
[EventRounds "7"]
[EventType "team-swiss"]
[EventDate "2017.12.26"]

1. e4 e5 2. Nf3 Nf6 3. Nc3 Nc6 4. d4 exd4 5. Nxd4 Bb4 6. Nxc6 bxc6 7. Bd2 O-O
8. Bd3 Re8 9. O-O Bxc3 10. Bxc3 Nxe4 11. Bxe4 Rxe4 12. Qf3 d5 13. Rfe1 Rxe1+
14. Rxe1 Rb8 15. Qe3 Bd7 16. Qe7 Qxe7 17. Rxe7 Rd8 18. Bd4 a6 19. h4 f6 20. g3
Bf5 21. Rxc7 Bxc2 22. Rxc6 Bd3 23. a3 Kf7 24. Rc7+ Kg6 25. h5+ Kh6 26. Kg2 Re8
27. g4 {(=)} 1/2-1/2

[Event "DVM U20 2017"]
[Site "Düsseldorf GER"]
[Date "2017.12.28"]
[Round "4"]
[White "Ender, Paul Marius"]
[Black "Cygal, Marcel"]
[Result "1-0"]
[Termination "normal"]
[Board "6.6"]
[WhiteElo "1800"]
[BlackElo "1500"]
[WhiteTeam "USV Potsdam"]
[BlackTeam "SK Frankenthal"]
[PlyCount "53"]
[WhiteFideId "12936545"]
[BlackFideId "16255950"]
[EventCountry "GER"]
[EventRounds "7"]
[EventType "team-swiss"]
[EventDate "2017.12.26"]

1. e4 e5 2. f4 exf4 3. Nf3 Nc6 4. Bc4 d6 5. Nc3 Nge7 6. d4 f6 7. Bxf4 Bg4 8.
O-O Bxf3 9. Rxf3 Qd7 10. Bb5 a6 11. Ba4 O-O-O 12. d5 b5 13. dxc6 Qxc6 14. Bb3
Qd7 15. a4 f5 16. exf5 Nxf5 17. axb5 c6 18. bxc6 Qxc6 19. Be6+ Kb8 20. Bxf5 Re8
21. Bg3 g6 22. Be4 Rxe4 23. Nxe4 Qxe4 24. Bxd6+ Bxd6 25. Qxd6+ Kb7 26. Rf7+ Kc8
27. Qc7# 1-0

[Event "DVM U20 2017"]
[Site "Düsseldorf GER"]
[Date "2017.12.28"]
[Round "4"]
[White "Degenhard, Simon"]
[Black "Savchenko, Daniel"]
[Result "1-0"]
[Termination "normal"]
[Board "7.1"]
[WhiteElo "2183"]
[BlackElo "2080"]
[WhiteTeam "Heilbronner SV"]
[BlackTeam "Düsseldorfer SK"]
[PlyCount "91"]
[WhiteFideId "12944017"]
[BlackFideId "12919195"]
[EventCountry "GER"]
[EventRounds "7"]
[EventType "team-swiss"]
[EventDate "2017.12.26"]

1. d4 Nf6 2. Nf3 g6 3. c4 Bg7 4. Nc3 d6 5. Bg5 O-O 6. e3 Nbd7 7. Qc2 c6 8. Rd1
Qc7 9. Be2 Re8 10. h3 e5 11. O-O exd4 12. exd4 Nb6 13. Bd3 Be6 14. b3 a6 15.
Bf4 Rad8 16. Ng5 Nh5 17. Nxe6 Rxe6 18. Be3 Rde8 19. Qd2 f5 20. d5 R6e7 21. Bg5
Re5 22. dxc6 bxc6 23. Be2 f4 24. Bxh5 Rxg5 25. Bf3 Rf5 26. Qd3 Rd8 27. Rfe1
Rff8 28. h4 Be5 29. h5 Qg7 30. Ne4 g5 31. c5 g4 32. cxb6 gxf3 33. Qxf3 Kh8 34.
Rd3 Qe7 35. Nd2 d5 36. Qe2 Rde8 37. Nf3 Rf5 38. h6 Qd6 39. Rdd1 Rh5 40. Nxe5
Rhxe5 41. Qb2 Kg8 42. Rxe5 Rxe5 43. Qc3 c5 44. b7 Qc7 45. b8=Q+ Qxb8 46. Rxd5
1-0

[Event "DVM U20 2017"]
[Site "Düsseldorf GER"]
[Date "2017.12.28"]
[Round "4"]
[White "Lechner, Alexander"]
[Black "Mikeler, Marcel"]
[Result "0-1"]
[Termination "normal"]
[Board "7.2"]
[WhiteElo "1830"]
[BlackElo "1863"]
[WhiteTeam "Düsseldorfer SK"]
[BlackTeam "Heilbronner SV"]
[PlyCount "86"]
[WhiteFideId "12956074"]
[BlackFideId "12927856"]
[EventCountry "GER"]
[EventRounds "7"]
[EventType "team-swiss"]
[EventDate "2017.12.26"]

1. d4 Nf6 2. c4 e6 3. Nf3 c5 4. d5 b5 5. Bg5 Qa5+ 6. Bd2 Qb6 7. cxb5 a6 8. bxa6
Bxa6 9. Nc3 exd5 10. g3 Be7 11. Bg2 Bb7 12. e3 O-O 13. O-O Na6 14. Na4 Qa7 15.
Nc3 Nc7 16. Ne2 Ne4 17. Bc3 Ne6 18. Nd2 Bc6 19. Nxe4 dxe4 20. Nf4 Nxf4 21. exf4
d5 22. b3 d4 23. Bb2 {(=)} Qb7 24. Re1 f5 25. Qd2 Ra7 26. Bf1 Bd5 27. Bc4 Bxc4
28. bxc4 Ra4 29. Reb1 Qa6 30. Qc2 Rxc4 31. Qb3 Qa4 32. Qb7 Bd8 33. Qd5+ {(=)}
Kh8 34. Qd6 Re8 35. h4 Rc2 36. h5 h6 37. Qd5 Qc4 38. Qxc4 Rxc4 39. a4 Ba5 40.
Bc1 Ra8 41. Rb7 Bc3 42. Rab1 Rcxa4 43. Rf7 Rb4 0-1